000 00301nam a2200109Ia 4500
008 200302s9999 xx 000 0 und d
100 _aRichard Dattner FAIA
245 _aCivil Architecture The New Public Infrastructure
260 _bTata Mcgraw-Hill Publishing Co.
260 _c1995
300 _a243 P.,
999 _c1134
_d1134